Responses for show #7344 - Thursday, July 14, 2016

Contestants

Ellen Corrigan, a law clerk from Philadelphia, Pennsylvania

Ken Fischer, an attorney from New York, New York

Sue Baker, a medical coder from Madison, Wisconsin (whose 1-day cash winnings total $19,000)

Jeopardy! Round responses

COLLEGE NEWSPAPERS
16th CENTURY AMERICA
FAMOUS GINGERS
HEALTH & MEDICINE
PLAYS & PLAYWRIGHTS
SONG WORDS
    $200 6
USC

Ken
    $200 7
Rio Grande

Ken
    $200 1
Ginger Rogers

Sue
    $200 18
an aspirin

Ken
    $200 12
Willy Loman

Sue
    $200 21
lay

Ken
    $400 17
VMI (Virginia Military Institute)

Ken
    $400 8
de Soto

Ken
    $400 2
Elvis

Sue
    $400 19
osteoporosis

Ken
    $400 13
(Henrik) Ibsen

Sue
    $400 24
a ditty

Sue
    $600 28
NYU

Ken
    $600 9
(Ellen: Who is Magellan?)

Sir Francis Drake

KenEllen
    $600 3
Ginger Spice

Sue
    $600 20
Liberia

Ellen
    $600 14
Molière

Sue
    $600 25
(Alex: Yes, with less than a minute now.)

a hymn

Sue
    $1,800 29
(Alex: You are right. UNLV. The Runnin' Rebels.)

University of Nevada-Las Vegas

Ken
    $800 10
Ponce de Léon

Ken
    $800 4
Gilligan's Island

Ellen
    $800 22
vitamin D

Ellen
    $800 15
Six Characters in Search of an Author

Triple Stumper
    $800 26
(Ken: What is autumn?)

carol

KenEllen
    $1000 30
Washington State

Ken
    $1000 11
[Applause for Ken's run of the category]

Parris Island

Ken
    $1000 5
Cream

Sue
    $1000 23
eyelids

Sue
    $1000 16
The Glass Menagerie

Sue
    $1000 27
a shanty

Ken

Scores at the first commercial break (after clue 15):

Sue Ken Ellen
$3,400 $3,200 $200

Scores at the end of the Jeopardy! Round:

Sue Ken Ellen
$6,400 $8,000 $2,400

Double Jeopardy! Round responses

ARCHITECTURE
STOCK SYMBOLS
MORE FUNNY THAN SCARY
BIBLICAL EQUINES
WHERE'S WALD?
"O"
(Alex: Each correct response will begin with that letter.)
    $400 21
a casino

Sue
    $400 16
Macy's

Ellen
    $400 1
(Alex: [*]. All women. Opening this weekend.)

Ghostbusters

Ellen
    $400 26
Genesis

Ken
    $400 11
the Black Forest

Ken
    $400 6
the optimist

Ken
    $800 22
the Maya

Ken
    $800 17
La-Z-Boy

Ellen
    $800 2
Wayans

Ellen
    $800 27
Jerusalem

Ellen
    $800 12
the Roman army

Ken
    $800 7
an objective

Ken
    $6,400 23
Corinthian

Ken
    $4,000 18
Abercrombie & Fitch

Ellen
    $1200 3
(Ken: What is Scream?)
...
(Alex: What is [*]? You gotta watch out for them.)

Attack of the Killer Tomatoes

Ken
Triple Stumper
    $1200 28
(Ken: What is Revelation?)
...
(Alex: Looking for the author, and that is [*].)

John

Ken
Triple Stumper
    $1200 13
Barbarossa

Ken
    $1200 8
olfactory

Sue
    $1600 24
(Alex: Washington D.C.'s [*] complex.)

Watergate

Triple Stumper
    $1600 19
(Ken: What is, uh, GlakoSmith... Kline?)
...
(Alex: That's it. Not Glako, but Glaxo.)

GlaxoSmithKline

KenEllen
    $1600 4
Zombieland

Ellen
    $1600 29
Balaam

Ken
    $1600 14
Saint Nicholas

Ken
    $1600 9
an oasis

Ellen
    $2000 25
(Alex: We have less than a minute to go now to deal with this last category, Ken.)

the cornice

Triple Stumper
    $2000 20
Diebold

Sue
    $2000 5
Evil

Triple Stumper
    $2000 30
a pale horse

Ellen
    $2000 15
an Autobahn

Ellen
    $2000 10
oblivious

Ellen

Scores at the end of the Double Jeopardy! Round:

Sue Ken Ellen
$10,000 $18,400 $20,400

[wagering suggestions for these scores]

Final Jeopardy! Round responses

CIVIL WAR HISTORY
(Alex: Sounds like an easy subject, but a difficult Final, I believe.)
...
(Alex: The correct response--[*]. Kentucky was one of those four states, but it was not the largest.)

[ADDENDUM: The other 2 states were Delaware & Maryland.]
SueWhat is Texas?
$9,999
KenWhat is Kentucky
$17,600
EllenWhat is Tennessee Texas?
$16,401
Missouri

Final scores:

Sue Ken Ellen
$1 $800 $3,999
3rd place: $1,000 2nd place: $2,000 New champion: $3,999

Game dynamics:

Coryat scores:

Sue Ken Ellen
$10,000 $12,200 $17,600
14 R,
0 W
24 R
(including 2 DDs),
4 W
16 R
(including 1 DD),
1 W

Combined Coryat: $39,800

The J! Archive is created by fans, for fans. The Jeopardy! game show and all elements thereof, including but not limited to copyright and trademark thereto, are the property of Jeopardy Productions, Inc. and are protected under law. This website is not affiliated with, sponsored by, or operated by Jeopardy Productions, Inc. Join the discussion at JBoard.tv.